Quizzes
Events
Quiz Creation
Community
Videos
Private Events
Remove Ads
Sign In
Join for FREE
Feedback
Dark Mode
Quiz Categories
Sports
Geography
Music
Movies
Television
Just For Fun
Miscellaneous
History
Literature
Language
Science
Gaming
Entertainment
Religion
Holiday
For Kids
Quiz Lab
Recent
Popular Today
Quiz Kudos Today
Editor Picks
Curator Picks
Quizzes by...
Day
Popularity
Type
Ratings
Length
Year
Community
Subscriptions
Recent Discussions
Orange Saloon
Badges
Playlists
Quests
Create
Leaderboards
Showdown
Live 5
Trivia Bingo
Activity
Puzzle Library
Sporcle Events
Private Events
Virtual Trivia
Globe League
Become a Host
Pub Owners
SporcleCon
Opinionation
Our Games
Videos
Blog
Mobile Apps
Partnerships
Remove Ads and Go Orange
Feedback
Movies
Disney
Marvel Cinematic Universe
Movie Resume
Movie Titles
Oscar
Actor
Actress
Director
Pixar
Role
Movie Quotes
Movie Characters
Box Office
Nominee
Best Picture
Star Wars
James Bond
Horror Movies
Movies
Disney
Marvel Cinematic Universe
Movie Resume
Movie Titles
Oscar
Actor
Actress
Director
Pixar
Role
Movie Quotes
Movie Characters
Box Office
Nominee
Best Picture
Star Wars
James Bond
Horror Movies
Random Quiz
Search Sporcle
×
Quiz Lab
Quiz Lab
Movies
Christianity
Type in answers that appear in a list
Type in answers that appear in a list
Classic
Best Score? Go Orange.
Christian Slater Movies Stats
Can you name the Christian Slater Movies?
By
jmadrox
10m
55 Questions
519 Plays
519 Plays
519 Plays
Comments
Comments
Give Quiz Kudos
Give Quiz Kudos
-
- Ratings
hide this ad
Replay
Link that replays current quiz
Next Quiz
Link to next quiz in quiz playlist
You Got
0%
They Got
Avg Score
23%
Avg Friend Score
Upgrade to see
Score Distribution
Jump to the score distribution portion of the page
Score
0/55
Timer
10:00
0
Plays Today
Year
Movie
% Correct
1988
Heathers
80%
1991
Robin Hood: Prince of Thieves
71.5%
1993
True Romance
66.5%
1990
Pump Up the Volume
64.9%
1996
Broken Arrow
60.5%
1992
Kuffs
55.9%
1991
Mobsters
50.9%
1989
Gleaming the Cube
46.1%
1994
Interview with the Vampire: The Vampire Chronicles
45.7%
1990
Young Guns II
43.7%
1986
The Name Of The Rose
42.6%
1993
Untamed Heart
41.4%
1998
Hard Rain
39.5%
1985
The Legend of Billie Jean
36.8%
1992
FernGully: The Last Rainforest
32.8%
1995
Murder in the First
32.8%
1997
Austin Powers: International Man of Mystery
30.1%
1998
Very Bad Things
30.1%
1996
Bed of Roses
28.9%
1989
The Wizard
22.7%
1991
Star Trek VI: The Undiscovered Country
22%
2002
Windtalkers
19.8%
2005
Alone in the Dark
19.7%
2000
The Contender
17%
2007
He Was a Quiet Man
15%
2001
3000 Miles to Graceland
14.3%
1994
Jimmy Hollywood
14.1%
2004
Mindhunters
14.1%
Year
Movie
% Correct
1990
Tales from the Darkside: The Movie
13.3%
2006
Bobby
13.3%
2009
Dolan's Cadillac
12.5%
1988
Tucker: The Man and His Dream
11.6%
1997
Julian Po
11%
2004
Churchill: The Hollywood Years
11%
1989
Beyond the Stars
10%
2007
The Ten Commandments
10%
2001
Who Is Cletis Tout?
9.8%
2002
Run for the Money
9.4%
2008
Igor
9.4%
2004
The Good Shepherd
9.2%
1986
Twisted
8.5%
1998
Basil
7.3%
2005
The Deal
7.1%
2003
Masked and Anonymous
6.2%
2007
Slipstream
6%
1992
Where the Day Takes You
5.6%
2011
The River Murders
5.4%
2004
Pursued
5.2%
2009
Lies & Illusions
5.2%
2008
Love Lies Bleeding
5.2%
2011
Sacrifice
4.8%
2002
Naked Movie
4.2%
2011
Without Men
4%
1999
Love Stinks
2.7%
2010
Shadows of the White Nights
1.2%
Quiz Playlist
Details
Report
Send in Message
Add To Playlist
Classic:
Type in answers that appear in a list
Quiz Source
Last Updated: Feb 16, 2017
Quiz Scoreboard
CHALLENGE
Sign Up to Join the Scoreboard
Show All
Scores
Hide
Comments
May contain spoilers
Recently Published
College Basketball Coaching Resumes
by pancakes188
Sports
9m
Billboard Blitz: Fleetwood Mac
by CooCooCachoo
Music
15s
Presidents Visiting Landmarks
by Hejman
History
7m
More to Explore
Quiz From the Vault
Featured Blog Post
Where Did the Easter Bunny Come From?
hide this ad
You Might Also Like...
Tags
Christianity Quiz
Movie Resume Quiz
Character
Christian
Today's Top Quizzes in Movies
Browse Movies
hide this ad
Today's Top Quizzes in Christianity
Browse Christianity
Top Contributed Quizzes in Movies
1
Pick 5 Posters: Directed by Spielberg
2
7-to-1: Pixar Characters
3
Pick 5 Posters: Lowest-Rated Spielberg
4
Pick 5 Posters: Directed by Scorsese
5
Sorting Actors
6
Sorting Actresses
7
Pick 5 Posters: Star & Director
8
Pick 5 Posters: Women Directed 2020s
9
12 Movies about Fictional 1960s Events
10
Multi-Oscar Nominations, One Movie, One Winner
Explore More
Trending Topics
Kpop
Harry Potter
NBA
Disney
Anime
Marvel
Crossword
Pokémon
Song
Soccer
WWE
Puzzle
Country
The Office
NFL
hide this ad
More By:
jmadrox
Quiz
Plays
Rating
Category
Featured
Created
Chuck Lorre TV Shows
12,383
3.98
Television
Dec 13, 2011
Bill Paxton Movies
9,020
4.53
Movies
Jul 3, 2010
Goldie Hawn Movies
1,018
4.20
Movies
May 20, 2010
X-Men Members
1,010
4.50
Literature
Sep 18, 2010
Blondie Songs
922
5.00
Music
Jan 16, 2012
Go to Creator's Profile
Score Distribution
Quiz Creator Spotlight
jmadrox
Follow
Send a Message
Quizzes Created
-
Created Quiz Play Count
-
More By This Creator
Popular Quizzes Today
1
Find the US States - No Outlines Minefield
2
Find the Countries of Europe - No Outlines Minefield
3
The Countries of the World
4
Find the US States
5
Risky Map Clicking: Biggest States A-Z
6
US States
7
Popular People in 1961
8
Movies - When Are They Set?
More Movies Quizzes
Follow That Line: Ocean's 8
Quiz Lab
Trending Quizzes
Risky Map Clicking: Least Populous States A-Z
1-10 Letter G Words
1-10 Letter F Words
Risky Map Clicking: Next State Alphabetically
Risky Map Clicking: Biggest States A-Z
Recently Updated
Leaping Animals
pecheneg
Reality TV Shows (A-Z)
bhenderson79
Rickey Henderson's Hall of Fame Teammates
pecheneg
Champions League XIs: Arsenal
pecheneg
Quick Pick: Celebrities in WWE's Hall of Fame
aduchscher
A-Z Keypad Blitz II
pecheneg
Multiple Oscar Actors
pecheneg
Mystery Phrase Blitz: Oscar 'Best Actors'
pecheneg
F. Scott Fitzgerald Novels
LTH
Pick 3 Villains
ddd62291
Trending Topics
Kpop
NBA
Disney
Marvel
Harry Potter
Crossword
Anime
The Office
NFL
WWE
Pokémon
Country
Puzzle
Soccer
Song
Your Account Isn't Verified!
In order to create a playlist on Sporcle, you need to verify the email address you used during registration. Go to your
Sporcle Settings
to finish the process.
Report this User
Report this user for behavior that violates our
Community Guidelines
.
Details:
Send Report
Go to the Sporcle.com Mobile Site →
Comments